Guess the music artist/band - Statistics

General Stats
  • This quiz has been taken 71 times
  • The average score is 10 of 16
Answer Stats
Picture Answer % Correct
Ed Sheeran
95%
Elvis Presley
95%
Justin Bieber
95%
Queen
89%
Bob Marley
87%
Billie Eilish
85%
P!nk
84%
Eminem
77%
John Lennon
73%
Imagine Dragons
68%
Bruno Mars
40%
Coldplay
37%
Juice WRLD
37%
Prince
29%
Drake
10%
Michael Jackson
6%
No matching quizzes found
Score Distribution
Percent of People with Each Score
Percentile by Number Answered
Your Score History
You have not taken this quiz